Profile of Financial Management (Record no. 3850)

MARC details
000 -LEADER
fixed length control field 00414nam a22001577a 4500
005 - DATE AND TIME OF LATEST TRANSACTION
control field 20180707123506.0
008 - FIXED-LENGTH DATA ELEMENTS--GENERAL INFORMATION
fixed length control field 160624b xxu||||| |||| 00| 0 eng d
041 ## - LANGUAGE CODE
Language code of text/sound track or separate title eng
082 ## - DEWEY DECIMAL CLASSIFICATION NUMBER
Item number 9590
Classification number 658.15
100 ## - MAIN ENTRY--AUTHOR NAME
Personal name Mukherjee, Sushil and Chandra, Pradeep Kumar
245 ## - TITLE STATEMENT
Title Profile of Financial Management
260 ## - PUBLICATION, DISTRIBUTION, ETC. (IMPRINT)
Name of publisher B.B. Kendra Grandsons
Year of publication 2008
300 ## - PHYSICAL DESCRIPTION
Number of Pages 527
650 ## - SUBJECT ADDED ENTRY--TOPICAL TERM
Topical Term Management
942 ## - ADDED ENTRY ELEMENTS (KOHA)
Koha item type Books
Holdings
Lost status Damaged status Collection code Home library Current library Shelving location Date acquired Cost, normal purchase price Full call number Accession Number Koha item type
    MANAGEMENT JRU Library JRU Library SHELF-40-D 24/06/2016 180.00 658.15 9590 Books
    MANAGEMENT JRU Library JRU Library SHELF-40-G 24/06/2016 180.00 658.15 9591 Books